书目信息 |
| 题名: |
学龄前儿童心理发展与早期教育
|
|
| 作者: | 林崇德 , 傅安球 编 | |
| 分册: | ||
| 出版信息: | 北京 北京出版社 1982 |
|
| 页数: | 198页 | |
| 开本: | 19cm | |
| 丛书名: | ||
| 单 册: | ||
| 中图分类: | B844.12 | |
| 科图分类: | ||
| 主题词: | 学前儿童-儿童心理学 , 儿童心理学-学前儿童 | |
| 电子资源: | ||
| ISBN: | 7071.762 | |
| 000 | 00749nam0 2200253 450 | |
| 001 | 0182006134 | |
| 005 | 20100712220248.0 | |
| 010 | @a7071.762@dCNY0.50 | |
| 091 | @a7071.762 | |
| 100 | @a19950704d1982 em y0chiy0110 ea | |
| 101 | 0 | @achi |
| 102 | @aCN@b110000 | |
| 105 | @ay z 000yy | |
| 106 | @ar | |
| 200 | 1 | @a学龄前儿童心理发展与早期教育@9Xue Ling Qian Er Tong Xin Li Fa Zhan Yu Zao Qi;Ji Jiao Yu;Yo @f林崇德,傅安球编 |
| 210 | @a北京@c北京出版社@d1982 | |
| 215 | @a198页@d19cm | |
| 606 | 0 | @a学前儿童-儿童心理学 |
| 606 | 0 | @a儿童心理学-学前儿童 |
| 690 | @aB844.12@v3 | |
| 701 | 0 | @a林崇德@9lin chong de@4编 |
| 701 | 0 | @a傅安球@9fu an qiu@f(1941~)@4编 |
| 801 | 0 | @aCN@bAzMarc@c20130904 |
| 905 | @aBZT@dB844.12@e12@f1@sB844.12/12 | |
| 学龄前儿童心理发展与早期教育/林崇德,傅安球编.-北京:北京出版社,1982 |
| 198页;19cm |
| ISBN 7071.762:CNY0.50 |
| ● |
| 相关链接 |
|
|
|
正题名:学龄前儿童心理发展与早期教育
索取号:B844.12/12
 
预约/预借
| 序号 | 登录号 | 条形码 | 馆藏地/架位号 | 状态 | 备注 |
| 1 | 2000111108 | 2000111108 | 旧书回溯/ [索取号:B844.12/12] | 在馆 |